Curso preventivo propedéutico : guía de aprendizaje.

Shranjeno v:
Bibliografske podrobnosti
Glavni avtor: Buenfild Baños, Early Beau coord, (autor)
Drugi avtorji: Cervantes Ábrego, Luz María [et al.] (autor) [et al.], (autor)
Format: Knjiga
Jezik:španščina
Teme:
Oznake: Označite
Brez oznak, prvi označite!

MARC

LEADER 00000nam^a2200000^u^4500
001 000499235
005 20250521000000.0
008 071005s1000^^^^^^^^^^^^r^^^^^000^0^spa^d
009 20260310125716.093
022 |a 9789701863053 
035 |a FCE 000043282 
037 |a Acervo ITESO - Biblioteca 
041 |a spa 
082 0 4 |a 373.011  |b BUEc 
100 |a Buenfild Baños, Early Beau,  |e coord  |e (autor) 
245 1 0 |a Curso preventivo propedéutico :  |b guía de aprendizaje. 
264 |a México :  |b SEP, Dirección General de Materiales Educativos,  |c 2001. 
300 |a 272 p. :  |b il, col., fot., col. 
336 |a texto  |b txt  |2 rdacontenido 
337 |a sin mediación  |b n  |2 rdamedio 
338 |a volumen  |b nc  |2 rdasoporte 
596 |a Este libro fue elaborado por la Coordinación General de Educación Telesecundaria de la Subsecretaría de Educación Básica, con la colaboración de la Dirección General de Materiales y Métodos Educativos hoy Dirección General de Materiales Educativos. 
649 |a XX 
650 |a Guía del docente 
650 |a Actividades de aprendizaje 
650 |a Enseñanza por televisión 
650 |a Educación secundaria 
650 |a Cursos de capacitación 
650 |a México 
700 |a Cervantes Ábrego, Luz María  |e [et al.]  |e (autor) 
910 |a Fondo Centro de Estudios Educativos 
920 |a Impresos - Libros 
930 |a Fondos Especiales 
905 |a 133 
901 |a ALE050632  |b IT2  |c CEE  |u 20250521 
901 |a ALE052529  |b IT2  |c CEE  |u 20250521 
902 |a https://opac.biblio.iteso.mx/vufind/Record/000499235